| 000 | 00706nam a22002417a 4500 | ||
|---|---|---|---|
| 005 | 20201125123224.0 | ||
| 008 | 201125b ||||| |||| 00| 0 eng d | ||
| 020 | _a9789385439445 | ||
| 040 |
_aIN-DiNC _cIN-DiNC |
||
| 041 | _dasm | ||
| 082 |
_bSAI _a370.15 |
||
| 100 |
_aSaikia, Tarun _eauthor |
||
| 245 |
_aParishyamulak manobijnan aru parishagarar byabaharik shisha/ _cby Tarun Saikia and Runu Bora Saikia |
||
| 250 | _a2nd rev. ed. | ||
| 260 |
_aJotrhat: _bBidya bhawan, _c2020 |
||
| 300 | _a399p. | ||
| 650 | _aEducation | ||
| 650 | _aEducational psychology | ||
| 650 | _aExperimental psychology | ||
| 650 | _aLaboratory practical | ||
| 700 |
_aSaikia, Runu Bora _eauthor |
||
| 942 |
_2ddc _cBK |
||
| 999 |
_c11077 _d11077 |
||